Library Banner

Pharmacology for rehabilitation professionals / (Record no. 139941)

MARC details
000 -LEADER
fixed length control field 00501nam a22001817a 4500
005 - DATE AND TIME OF LATEST TRANSACTION
control field 20260302120933.0
008 - FIXED-LENGTH DATA ELEMENTS--GENERAL INFORMATION
fixed length control field 260302b |||||||| |||| 00| 0 eng d
020 ## - INTERNATIONAL STANDARD BOOK NUMBER
International Standard Book Number 9781437707571 (pbk)
040 ## - CATALOGING SOURCE
Transcribing agency PK-LaUMT
082 ## - DEWEY DECIMAL CLASSIFICATION NUMBER
Classification number 615.1
Item number GLA-P
100 g# - MAIN ENTRY--PERSONAL NAME
Personal name Gladson, Barbara
245 ## - TITLE STATEMENT
Title Pharmacology for rehabilitation professionals /
Statement of responsibility, etc by Barbara Gladson
250 ## - EDITION STATEMENT
Edition statement 2nd ed.
260 ## - PUBLICATION, DISTRIBUTION, ETC. (IMPRINT)
Place of publication, distribution, etc Missouri :
Name of publisher, distributor, etc Elsevier Saunders,
Date of publication, distribution, etc 2011
300 ## - PHYSICAL DESCRIPTION
Extent 528 p.
650 ## - SUBJECT ADDED ENTRY--TOPICAL TERM
Topical term or geographic name as entry element Pharmacology
942 ## - ADDED ENTRY ELEMENTS (KOHA)
Koha item type Books
Holdings
Withdrawn status Lost status Damaged status Home library Current library Date acquired Full call number Barcode Date last seen Price effective from Koha item type
      UMT Health Sciences Campus UMT Health Sciences Campus 2026-03-02 615.1 GLA-P 152034 2026-03-02 2026-03-02 Books